000 00272nam a22001217a 4500
008 180927b xxu||||| |||| 00| 0 eng d
041 _aeng
080 _a574
100 _a9
101 _aMJE
245 _aVisions Of American Agriculture
_cWilliam L
942 _2udc
_cBK
999 _c48540
_d48540